Georges Mélies

שמור ב:
מידע ביבליוגרפי
מחבר ראשי: Sadoul, Georges (Author)
פורמט: ספר
שפה:צרפתית
יצא לאור: París Editions Seghers 1961
מהדורה:1a. ed
סדרה:Cinema D'Aujourd'Hui, 1
נושאים:
תגים: הוספת תג
אין תגיות, היה/י הראשונ/ה לתייג את הרשומה!

MARC

LEADER 00000cam a2200000 a 4500
001 UCV8330
003 CL-VaPUC
008 910409e19610000FR |||||||||||||||||fre|d
082 0 4 |a 791.4309  |b SAD  |2 21 
100 0 |a Sadoul, Georges  |e author  |9 302399 
245 1 0 |a Georges Mélies 
250 |a 1a. ed 
300 |a 239 p 
942 |c BK 
945 |d 19910409 00:00:00 
260 |a París  |b Editions Seghers  |c 1961 
600 0 7 |a MELIES, GEORGES  |2 CL-VaPUC  |9 266469 
650 0 |a Productores y directores de cine  |9 266427 
583 |a last modification  |c 20190402 08:55:20  |k Rodrigo Vera 
490 0 |a Cinema D'Aujourd'Hui, 1 
999 |c 213866  |d 213864 
952 |0 0  |1 0  |3 erb  |4 0  |6 791_430900000000000_SAD_1961  |7 0  |8 A  |9 196682  |a BIBART  |b BIBART  |i 547583K  |o 791.4309 SAD 1961  |p 547583K  |r 2025-03-13  |w 2019-11-14  |y BK  |z Catalogado en:20180615  |k ART